|
|
|
|
| LEADER |
00000nam0a2200000 4500 |
| 001 |
242319 |
| 005 |
20231101231904.0 |
| 035 |
|
|
|a (RuTPU)RU\TPU\book\263629
|
| 090 |
|
|
|a 242319
|
| 100 |
|
|
|a 20130829d1956 m y0rusy50 ca
|
| 101 |
0 |
|
|a rus
|
| 102 |
|
|
|a RU
|
| 105 |
|
|
|a a z 000zy
|
| 200 |
1 |
|
|a Шестой пятилетний план развития народного хозяйства СССР. По директивам ХХ съезда КПСС
|e наглядные пособия в помощь пропагандистам и агитаторам
|f сост. А. Ф. Румянцев
|
| 210 |
|
|
|a Москва
|c Госполитиздат
|d 1956
|
| 215 |
|
|
|a с.
|c ил.
|
| 606 |
1 |
|
|a Пятилетние планы экономического развития СССР
|x История
|x Экономика
|2 stltpush
|3 (RuTPU)RU\TPU\subj\53306
|9 71621
|
| 610 |
1 |
|
|a экономика
|
| 610 |
1 |
|
|a планирование
|
| 610 |
1 |
|
|a плановые показатели
|
| 610 |
1 |
|
|a планы
|
| 610 |
1 |
|
|a экономическое развитие
|
| 610 |
1 |
|
|a народное хозяйство
|
| 610 |
1 |
|
|a 20 век
|
| 610 |
1 |
|
|a история
|
| 686 |
|
|
|a У9(2)239.7
|v LBC/SL-A
|2 rubbk
|
| 702 |
|
1 |
|a Румянцев
|b А. Ф.
|4 220
|
| 801 |
|
1 |
|a RU
|b 63413507
|c 20130829
|
| 801 |
|
2 |
|a RU
|b 63413507
|c 20160127
|g RCR
|
| 942 |
|
|
|c BK
|